000 00359nam a22001457a 4500
999 _c2700
_d2700
008 200313b ||||| |||| 00| 0 eng d
082 0 0 _a621.52
_bH6779
110 _aH. M.S.O
_9233
245 1 0 _a(The) Design of welded joints
_cby HMSO
260 _aLondon
_bHMSO
_c1946
300 _a27 p.
365 _d0.15
650 0 _aWelded Joints--Standards
942 _cBK